| 000 | 00890cam a2200277 i 4500 | ||
|---|---|---|---|
| 001 | 110561 | ||
| 005 | 20230410123608.0 | ||
| 008 | 130614s2011 fr a 000 0 fre | ||
| 020 | _a9782711011094 | ||
| 041 | 0 | _afr | |
| 050 | 1 | 4 |
_aKJV 5179 _bD784 2011 |
| 245 | 0 | 3 |
_aLe droit de l'eau / _cJean-Louis Gazzaniga... [et al.]. |
| 250 | _a3e ed. | ||
| 260 |
_aParis : _bLitec, impr , _c2011 |
||
| 300 |
_a547 p. : _bill ; _c24 cm. |
||
| 440 | 0 | _aLitec professionnels. | |
| 650 | 0 |
_aWater-supply _xLaw and legislation _zFrance. |
|
| 650 | 0 |
_aWater _xLaw and legislation _zFrance. |
|
| 650 | 0 |
_aWater-supply _xGovernment policy _zFrance. |
|
| 650 | 4 |
_aAgua _xLegislación _zFrancia. |
|
| 650 | 4 |
_aAbastecimiento de agua _xLegislación _zFrancia. |
|
| 650 | 4 |
_aAbastecimiento de agua _xPolítica gubernamental _zFrancia. |
|
| 700 | 1 | _aGazzaniga, Jean-Louis | |
| 942 |
_2lcc _cbk |
||
| 946 | _almd | ||
| 999 |
_c64571 _d64571 |
||